000 00493nam a2200181 a 4500
001 2398
003 CO-ViMGA
008 141112s2004 ck r 000 u spa d
040 _aCO-ViMGA
_bspa
_cCO-ViMGA
082 0 4 _aR909 H477h
245 1 0 _aHistoria universal :
_bla huella del hombre
250 _a2a
260 _aBogotá :
_bEducar,
_c1994
300 _a3 v : il
590 _aDatos de inventario : 05558, 05559, 05560
650 1 4 _aHISTORIA UNIVERSAL - ENCICLOPEDIAS
942 _2ddc
_cBK
999 _c14497
_d14497